000 00603nam a2200193Ia 4500
003 GCL
008 140319s9999 xx 000 0 ara d
040 _aGCL /
_cGCL
082 0 4 _a791.437
_bع ن
100 1 _aعلى شلش
245 1 0 _aالنقد السينمائى فى الصحافة المصرية نشاتة وتطورة /
_cعلى شلش
260 _a[S.N] :
_bالهيئة المصرية العامة للكتاب ،
_c1986
300 _a282 ص
490 _a
650 0 4 _aالصحافة العربية
650 0 4 _aالسينما
650 0 4 _aتاريخ ونقد
942 _2ddc
_cBK
999 _c30664
_d30664